| 000 | 00435nam a2200169Ia 4500 | ||
|---|---|---|---|
| 008 | 131103s9999 xx 000 0 und d | ||
| 040 | _aLoreto College | ||
| 041 | _aEnglish | ||
| 082 |
_aCHBK-I/LIN _bLCBED/12568 |
||
| 100 | _aLindgren, Astrid | ||
| 245 |
_aPippi goes aboard _cAstrid Lindgren |
||
| 260 |
_aLondon _bO.U.P. _c1971 |
||
| 300 |
_a90p. _b pic. _c 20cm. |
||
| 650 | _aCHBK-I | ||
| 850 | _aLCBED/CHBK-I/LIN | ||
| 942 | _cBK | ||
| 999 |
_c31494 _d81973 |
||